近鉄各路線乗降人員TOP5 - Statistics

General Stats
  • This quiz has been taken 588 times
  • The average score is 45 of 70
Answer Stats
答え % Correct
近鉄奈良 42810人
96%
生駒 40466人
96%
京都 63506人
96%
生駒 40466人
96%
生駒 40466人
96%
鶴橋 124506人
95%
近鉄名古屋 80878人
94%
大阪上本町 60382人
93%
大和西大寺 39811人
93%
大和西大寺 39811人
93%
大和西大寺 39811人
93%
橿原神宮前 15167人
90%
橿原神宮前 15167人
90%
近鉄四日市 37287人
89%
近鉄四日市 37287人
89%
大和八木 31100人
88%
大和八木 31100人
88%
大阪阿部野橋 134925人
88%
布施 32374人
85%
布施 32374人
85%
賢島 668人
85%
鳥羽 2440人
84%
宇治山田 6812人
83%
22388人
83%
河内長野 10323人
82%
伊勢市 5479人
80%
桑名 17445人
79%
王寺 8373人
76%
松阪 9846人
76%
伊勢中川 5951人
76%
学園前 42954人
75%
学研奈良登美ヶ丘 12410人
74%
田原本 11088人
72%
近鉄丹波橋 36707人
71%
新王寺 5967人
71%
西田原本 4766人
69%
古市 17500人
69%
古市 17500人
69%
鵜方 1347人
65%
新石切 16187人
64%
高の原 27758人
63%
志摩磯部 555人
63%
富田林 10982人
62%
藤井寺 31766人
58%
近鉄八尾 32154人
52%
河内松原 25088人
49%
近鉄郡山 15331人
47%
飛鳥 1798人
47%
荒本 14024人
45%
大久保 21953人
44%
下市口 2172人
44%
2756人
40%
吉田 14389人
39%
近鉄富田 13247人
39%
菰野 2092人
39%
南生駒 4424人
37%
河内天美 16444人
35%
富田林西口 6073人
34%
菜畑 3200人
32%
喜志 13819人
32%
岡寺 1172人
31%
一分 4834人
30%
東松阪 1933人
28%
大輪田 1893人
25%
箸尾 1451人
25%
福神 2244人
25%
佐味田川 1206人
24%
志摩赤崎 269人
22%
伊勢松本 2243人
18%
伊勢川島 1751人
17%
No matching quizzes found
Score Distribution
Percent of People with Each Score
Percentile by Number Answered
Your Score History
You have not taken this quiz